Normal view
MARC view
- Hodges, Matthew.E Sasnett, Russell.M
Entry Personal Name
001 - CONTROL NUMBER
- control field: 76475
003 - CONTROL NUMBER IDENTIFIER
- control field: NUST
005 - DATE AND TIME OF LATEST TRANSACTION
- control field: 20210628205645.0
008 - FIXED-LENGTH DATA ELEMENTS
- fixed length control field: 210628|| aca||aabn | a|a d
040 ## - CATALOGING SOURCE
- Original cataloging agency: NUST
- Transcribing agency: NUST
100 ## - HEADING--PERSONAL NAME
- Personal name: Hodges, Matthew.E Sasnett, Russell.M
670 ## - SOURCE DATA FOUND
- Source citation: Work cat.: (NUST): Hodges, Matthew.E Sasnett, Russell.M, Multimedia computing case studies from mit project athena, 1993
